| 000 | 00806nam a2200241 a 4500 | ||
|---|---|---|---|
| 001 | 3262464 | ||
| 005 | 20231201011157.0 | ||
| 008 | 820519s1981 mau b 000 0 eng | ||
| 020 | _a0932870112 (pbk.) : | ||
| 020 | _a0850362547. | ||
| 040 |
_aDLC _cDLC _dDLC |
||
| 082 | 0 | 0 |
_a305.4/2/0941 _219 _bSHE. |
| 100 | 1 | _aRowbotham, Sheila. | |
| 245 | 1 | 0 |
_aBeyond the fragments : _bfeminism and the making of socialism / _cby Sheila Rowbotham, Lynne Segal, and Hilary Wainwright ; introduction to the U.S. edition by Rosalyn Boxandall. |
| 260 |
_aBoston, Mass. : _bAlyson Publications, _c1981. |
||
| 300 | _a253 p. ; | ||
| 650 | 0 | _aFeminism | |
| 650 | 0 | _aWomen and socialism | |
| 650 | 0 | _aRight and left (Political science) | |
| 700 | 1 |
_aSegal, Lynne. _eedt |
|
| 700 | 1 |
_aWainwright, Hilary. _eedt |
|
| 942 | _cL | ||
| 999 |
_c113 _d113 |
||